|
|
|
|
| LEADER |
00000naa2a2200000 4500 |
| 001 |
604313 |
| 005 |
20260206112528.0 |
| 035 |
|
|
|a (RuTPU)RU\TPU\conf\1584
|
| 035 |
|
|
|a RU\TPU\conf\1582
|
| 090 |
|
|
|a 604313
|
| 100 |
|
|
|a 20140227d2013 k y0rusy50 ca
|
| 101 |
0 |
|
|a rus
|
| 102 |
|
|
|a RU
|
| 135 |
|
|
|a drnn ---uucaa
|
| 181 |
|
0 |
|a i
|
| 182 |
|
0 |
|a b
|
| 200 |
1 |
|
|a Вращающаяся электродная система для очистки сварочной проволоки электроискровым методом
|f А. М. Байменшин, М. В. Журавлев, Б. Г. Шубин
|
| 203 |
|
|
|a Текст
|c электронный
|
| 225 |
1 |
|
|a Энергоэффективные технологии в электромеханике
|
| 300 |
|
|
|a Заглавие с титульного экрана
|
| 320 |
|
|
|a [Библиогр.: с. 289 (2 назв.)]
|
| 337 |
|
|
|a Adobe Reader
|
| 461 |
|
1 |
|0 (RuTPU)RU\TPU\conf\493
|t Энергетика, электромеханика и энергоэффективные технологии глазами молодежи
|o сборник трудов Российской молодежной научной конференции, 3-4 декабря 2013 г., Томск
|o в 2 т.
|f Национальный исследовательский Томский политехнический университет (ТПУ)
|d 2013
|
| 463 |
|
1 |
|0 (RuTPU)RU\TPU\conf\494
|t Т. 1
|v [С. 286-289]
|d 2013
|
| 610 |
1 |
|
|a труды учёных ТПУ
|
| 610 |
1 |
|
|a электронный ресурс
|
| 610 |
1 |
|
|a электродные системы
|
| 610 |
1 |
|
|a сварочная проволока
|
| 610 |
1 |
|
|a дуговая сварка
|
| 610 |
1 |
|
|a электроды
|
| 700 |
|
1 |
|a Байменшин
|b А. М.
|
| 701 |
|
1 |
|a Журавлёв (Журавлев)
|b М. В.
|c физик
|c научный сотрудник Томского политехнического университета, кандидат технических наук
|f 1986-
|g Михаил Валерьевич
|3 (RuTPU)RU\TPU\pers\29441
|9 13994
|
| 701 |
|
1 |
|a Шубин
|b Б. Г.
|c физик
|c старший научный сотрудник Томского технологического института
|f 1944-
|g Борис Григорьевич
|3 (RuTPU)RU\TPU\pers\29430
|9 13983
|
| 801 |
|
2 |
|a RU
|b 63413507
|c 20140227
|g RCR
|
| 856 |
4 |
|
|u http://www.lib.tpu.ru/fulltext/c/2013/C50/V1/076.pdf
|z http://www.lib.tpu.ru/fulltext/c/2013/C50/V1/076.pdf
|
| 942 |
|
|
|c CF
|